Controller of Devils : (Record no. 21708)

MARC details
000 -LEADER
fixed length control field 00616nam a22002057a 4500
003 - CONTROL NUMBER IDENTIFIER
control field BDDh-ASL
005 - DATE AND TIME OF LATEST TRANSACTION
control field 20231015030030.0
008 - FIXED-LENGTH DATA ELEMENTS--GENERAL INFORMATION
fixed length control field 210210n e ||||| |||| 00| 0 eng d
040 ## - CATALOGING SOURCE
Original cataloging agency BDDh-ASL
Transcribing agency BDDh-ASL
082 ## - DEWEY DECIMAL CLASSIFICATION NUMBER
Classification number 954.5
Item number WAC
100 1# - MAIN ENTRY--PERSONAL NAME
9 (RLIN) 3073
Personal name Martineau, G.D.
245 10 - TITLE STATEMENT
Title Controller of Devils :
Remainder of title a life of John Paul Warburton, C.I.E., of the Punjab Police /
260 ## - PUBLICATION, DISTRIBUTION, ETC.
Name of publisher, distributor, etc. Obrainable From G.D. Martineau,
300 ## - PHYSICAL DESCRIPTION
Extent 104 p. :
Dimensions 22 cm.
500 ## - GENERAL NOTE
General note Includes index.
600 10 - SUBJECT ADDED ENTRY--PERSONAL NAME
9 (RLIN) 3076
Personal name Warburton, John Paul
650 #0 - SUBJECT ADDED ENTRY--TOPICAL TERM
9 (RLIN) 3074
Topical term or geographic name entry element Police
651 #0 - SUBJECT ADDED ENTRY--GEOGRAPHIC NAME
9 (RLIN) 3075
Geographic name Punjab
Geographic subdivision India
942 ## - ADDED ENTRY ELEMENTS (KOHA)
Source of classification or shelving scheme Dewey Decimal Classification
Koha item type Books
Holdings
Withdrawn status Lost status Source of classification or shelving scheme Damaged status Not for loan Collection code Home library Current library Shelving location Date acquired Source of acquisition Total Checkouts Full call number Barcode Date last seen Copy number Price effective from Koha item type Public note
    Dewey Decimal Classification     Non-fiction Asiatic Society Library Asiatic Society Library General Stacks 02/10/2021 ASB Library Collections   954.5 WAC 105596 02/10/2021 C-1 02/10/2021 Books RARE

Powered by Koha